Diffusion in solids
Sparad:
| Huvudupphovsman: | |
|---|---|
| Materialtyp: | Bok |
| Språk: | engelska |
| Publicerad: |
Pittsburgh
The Minerals, Metals and Materials Society
1989
|
| Upplaga: | 2a. ed |
| Ämnen: | |
| Taggar: |
Lägg till en tagg
Inga taggar, Lägg till första taggen!
|
MARC
| LEADER | 00000nam a2200000 a 4500 | ||
|---|---|---|---|
| 001 | UCU1717 | ||
| 003 | CL-VaPUC | ||
| 008 | 960412e19890000US |||||||||||||||||eng|d | ||
| 082 | 0 | 4 | |a 531.7 |b SHE |2 21 |
| 100 | 0 | |a Shewmon, Paul |e author |9 357406 | |
| 245 | 1 | 0 | |a Diffusion in solids |
| 250 | |a 2a. ed | ||
| 300 | |a 246 p | ||
| 942 | |c BK | ||
| 945 | |d 19960412 00:00:00 |a mcarcey | ||
| 260 | |a Pittsburgh |b The Minerals, Metals and Materials Society |c 1989 | ||
| 650 | 0 | |a Sólidos |9 260188 | |
| 650 | 0 | |a Física |9 227844 | |
| 650 | 0 | |a Cinética |9 260943 | |
| 650 | 7 | |a SISTEMA BINARIO |2 CL-VaPUC |9 357407 | |
| 650 | 0 | |a Hidrostática |9 260944 | |
| 650 | 0 | |a Aleación (Química) |9 263528 | |
| 650 | 0 | |a Metales |9 260686 | |
| 583 | |a last modification |c 20130417 11:13:17 |k Rodrigo Vera | ||
| 999 | |c 246239 |d 246237 | ||
| 952 | |0 0 |1 0 |4 0 |6 531_700000000000000_SHE_1989 |7 0 |8 A |9 261032 |a BIBCUR |b BIBCUR |d 2019-11-19 |i 2876981 |l 2 |o 531.7 SHE 1989 |p 2876981 |r 2025-04-22 |s 2022-12-02 |w 2019-11-19 |y BK |k FIS | ||